Bienvenue à la E-Bibliothèque de l’UEH

Bénéficiez l'accès à des milliers de ressources en ligne

La femme futuriste : (notice nᵒ 10347)

détails MARC
000 -LEADER
fixed length control field 02394 a2200301 4500
001 - CONTROL NUMBER
control field OB-pupo-27021
003 - CONTROL NUMBER IDENTIFIER
control field FrMaCLE
005 - DATE AND TIME OF LATEST TRANSACTION
control field 20251214082735.0
007 - PHYSICAL DESCRIPTION FIXED FIELD--GENERAL INFORMATION
fixed length control field cu ||||||m||||
008 - FIXED-LENGTH DATA ELEMENTS--GENERAL INFORMATION
fixed length control field 220602e||||||||xx |||||s|||||||||0|fr|d
020 ## - INTERNATIONAL STANDARD BOOK NUMBER
International Standard Book Number 978-2-84016-484-5
024 7# - OTHER STANDARD IDENTIFIER
Standard number or code 10.4000/books.pupo.27021
Source of number or code doi
040 ## - CATALOGING SOURCE
Original cataloging agency FR-FrMaCLE
041 ## - LANGUAGE CODE
Language code of text/sound track or separate title fra
100 1# - MAIN ENTRY--PERSONAL NAME
Personal name Contarini, Silvia
245 13 - TITLE STATEMENT
Title La femme futuriste :
Remainder of title Mythes, modèles et représentations de la femme dans la théorie et la littérature futuristes /
Statement of responsibility, etc. Silvia Contarini.
260 ## - PUBLICATION, DISTRIBUTION, ETC.
Place of publication, distribution, etc. Nanterre :
Name of publisher, distributor, etc. Presses universitaires de Paris Nanterre,
Date of publication, distribution, etc. 2022.
300 ## - PHYSICAL DESCRIPTION
Extent 344 p.
500 ## - GENERAL NOTE
General note Ebook
520 ## - SUMMARY, ETC.
Summary, etc. Longtemps, il a été admis que les futuristes étaient des misogynes invétérés. La célèbre formule du manifeste de fondation, le « mépris de la femme », semblait résumer toute la conception futuriste de la femme, marquant à jamais le mouvement d’avant-garde. La réalité est plus complexe. Les futuristes ont abordé de nombreux aspects de la question de la femme en assumant des positions parfois progressistes sur le divorce, le droit de vote ou l’égalité dans le travail. Parfois, dans leur volonté de refonder une humanité nouvelle, ils ont formulé des propositions étonnantes, de la reproduction sans le concours de la femme à « l’enfant d’État ». Et dans leurs œuvres littéraires des modèles de femme très anti-conventionnels côtoient les plus éculés des clichés. Le futurisme, prototype des mouvements d’avant-garde qui vont déferler tout au long du XXe siècle, avait pour objectif de dynamiter les règles, les institutions, les usages et les mœurs du passé pour reconstruire l’univers et changer la vie. Voulait-il changer aussi la vie de la femme ? Quelle place assignait-il à la femme dans le monde du futur dont il envisageait la constitution ? A-t-il imaginé une femme nouvelle à côté de l’homme nouveau ? C’est à ces interrogations que cette étude, basée sur un important corpus littéraire et théorique, apporte des réponses originales.
540 ## - TERMS GOVERNING USE AND REPRODUCTION NOTE
Terms governing use and reproduction OpenEdition Books License
Uniform Resource Identifier <a href="https://www.openedition.org/12554">https://www.openedition.org/12554</a>
650 #4 - SUBJECT ADDED ENTRY--TOPICAL TERM
Topical term or geographic name entry element Literature, Romance
Topical term or geographic name entry element mythe
Topical term or geographic name entry element représentation
Topical term or geographic name entry element femme
Topical term or geographic name entry element futurisme
856 4# - ELECTRONIC LOCATION AND ACCESS
Data provenance Contarini, Silvia
Uniform Resource Identifier <a href="https://books.openedition.org/pupo/27021">https://books.openedition.org/pupo/27021</a>
Link text La femme futuriste

Pas d'exemplaire disponible.

Bibliothèque universitaire de l'UEH
Portail centralisé donnant accès au catalogue, aux ressources numériques et aux productions scientifiques de l’Université d’État d’Haïti.

Plateformes institutionnelles

  • Dépôt institutionnel UEH
  • Revues scientifiques UEH
  • GED institutionnelle
  • UEH enseignement à distance

Contact

  • Adresse : 21 Rue Rivière, Port-au-Prince
  • Email : bibliotheque@ueh.edu.ht
  • Téléphone : +509 22-45-68-43 / 22-45-68-44
  • Heures : Lundi–Vendredi 8h–16h
© 2026 UEH – E-Bibliothèque de l’Université d’État d’Haïti | À propos | Confidentialité | Conditions | Mentions légales | Accessibilité | Plan du site | Contact